000 00389 a2200169 4500
001 74080
020 _a
040 _cAnchieta - Colégio São Paulo
100 _aAmado, Jorge
240 1 0 _aTeresa Batista cansada de guerra
_lpor
245 1 0 _aTeresa Batista cansada de guerra
300 _a421
362 0 _a1983
440 1 _aRecord
650 4 _aFicção brasileira
942 _cBK
999 _c74080
_d74080